It's fair play for property consumers (Record no. 118445)
[ view plain ]
| 000 -LEADER | |
|---|---|
| fixed length control field | 01232cam a2200301 4500 |
| 001 - CONTROL NUMBER | |
| control field | ABS68560 |
| 008 - FIXED-LENGTH DATA ELEMENTS--GENERAL INFORMATION | |
| fixed length control field | 041214n2004 000 0 eng u |
| 035 ## - SYSTEM CONTROL NUMBER | |
| System control number | (Sirsi) u128302 |
| 100 ## - MAIN ENTRY--PERSONAL NAME | |
| Personal name | Lowe, D. |
| 245 ## - TITLE STATEMENT | |
| Title | It's fair play for property consumers |
| 260 ## - PUBLICATION, DISTRIBUTION, ETC. | |
| Date of publication, distribution, etc. | 2004 |
| 490 ## - SERIES STATEMENT | |
| Series statement | Estates Gazette |
| Volume/sequential designation | (0450) 11 December 2004, 74-76(3) |
| 520 ## - SUMMARY, ETC. | |
| Summary, etc. | Provides an overview of the Unfair Terms in Consumer Contracts Regulations 1999. Identifies a range of contractual clauses which have been challenged by the Office of Fair Trading (OFT) as being unfair or unenforceable under the 1999 regulations. With reference to case law and OFT investigations looks at how unfair terms have been applied to estate agency and auctions terms, rent review and tenancy agreements. |
| 590 ## - LOCAL NOTE (RLIN) | |
| Local note | ABS |
| 590 ## - LOCAL NOTE (RLIN) | |
| Local note | ABS |
| 650 ## - SUBJECT ADDED ENTRY--TOPICAL TERM | |
| Topical term or geographic name entry element | UNFAIR TERMS IN CONSUMER CONTRACTS REGULATIONS 1999 |
| 650 ## - SUBJECT ADDED ENTRY--TOPICAL TERM | |
| Topical term or geographic name entry element | OFT |
| 650 ## - SUBJECT ADDED ENTRY--TOPICAL TERM | |
| Topical term or geographic name entry element | ESTATE AGENCY |
| 650 ## - SUBJECT ADDED ENTRY--TOPICAL TERM | |
| Topical term or geographic name entry element | AUCTION TERMS |
| 650 ## - SUBJECT ADDED ENTRY--TOPICAL TERM | |
| Topical term or geographic name entry element | TENANCY AGREEMENTS |
| 650 ## - SUBJECT ADDED ENTRY--TOPICAL TERM | |
| Topical term or geographic name entry element | BAIRSTOW EVES LONDON CENTRAL LTD V SMITH |
| 650 ## - SUBJECT ADDED ENTRY--TOPICAL TERM | |
| Topical term or geographic name entry element | R V NEWHAM LBC EX P KHATUN |
| 650 ## - SUBJECT ADDED ENTRY--TOPICAL TERM | |
| Topical term or geographic name entry element | STARMARK ENTERPRISES V CPL DISTRIBUTION |
| 650 ## - SUBJECT ADDED ENTRY--TOPICAL TERM | |
| Topical term or geographic name entry element | UNFAIR TERMS |
| 690 ## - LOCAL SUBJECT ADDED ENTRY--TOPICAL TERM (OCLC, RLIN) | |
| Topical term or geographic name as entry element | LAW |
| 700 ## - ADDED ENTRY--PERSONAL NAME | |
| Personal name | Chase, V. |
| 942 ## - ADDED ENTRY ELEMENTS (KOHA) | |
| Suppress in OPAC | 0 |
| Withdrawn status | Lost status | Source of classification or shelving scheme | Damaged status | Not for loan | Home library | Current library | Shelving location | Date acquired | Total Checkouts | Full call number | Barcode | Date last seen | Copy number | Price effective from | Koha item type |
|---|---|---|---|---|---|---|---|---|---|---|---|---|---|---|---|
| Dewey Decimal Classification | London | London | Journal article | 14/12/2004 | ABS68560 | 128302-1001 | 06/08/2019 | 1 | 06/08/2019 | Journal article |